O mundo em que vivemos (Registo nº 4267)
[ vista simples ]
| 000 -Etiqueta do registo | |
|---|---|
| Cabeçalho | 00649nam a2200229 4500 |
| 005 - Identificador da versão | |
| Campo de controlo | 20240813122056.0 |
| 010 ## - Número internacional normalizado dos livros (ISBN) | |
| Número (ISBN) | 9727300510 |
| 100 ## - Dados gerais de processamento | |
| Dados gerais de processamento | 19970402d1994 a y0pory5003 ba |
| 102 ## - Pais de publicação ou produção | |
| País de publicação | Portugal |
| 101 1# - Língua de publicação | |
| Língua do texto, banda sonora, etc. | Português |
| Língua do documento no original | Inglês |
| 215 ## - Descrição física | |
| Indicação específica da natureza do documento e extensão da espécie | 87p |
| Outras indicações físicas | il |
| Dimensões | 31cm |
| 200 1# - Titulo e menção de responsabilidade | |
| Título próprio | O mundo em que vivemos |
| Primeira menção de responsabilidade | direcção editorial de Rogério Moreira |
| Outras menções de responsabilidade | tradução de Cristina Soeiro |
| 225 1# - Colecção | |
| Título próprio da colecção | A minha primeira biblioteca |
| Indicação de volume | 15 |
| 210 ## - Publicação, Distribuição, etc. | |
| Lugar da edição, distribuição, etc. | [Estoril] |
| Nome do editor, distribuidor, etc. | Marus |
| Data da publicação, distribuição, etc. | [D.L.1994] |
| 300 ## - Notas gerais | |
| Texto da nota | obra repetida |
| 675 ## - Classificação Decimal Universal (CDU) | |
| Notação | 911.372.2(08) |
| Edição | 2 |
| Língua da edição | por |
| 702 #1 - Nome de autor-pessoa física (responsabilidade secundária) | |
| Número de registo de entrada de autoridade | 0000663 |
| Palavra de ordem | Soeiro |
| Outra parte do nome não tomada para palavra de ordem | Cristina |
| Código de função | Tradutor |
| 942 ## - Elementos de entrada adicionados (Koha) | |
| Tipo de item no Koha | Livro |
| Situação do levantamento | Origin of item (home branch) (coded) | Biblioteca de empréstimo | Código de barras | Cota | Circulation type (not for loan) | Tipo de documento | Nota do exemplar | Damaged status |
|---|---|---|---|---|---|---|---|---|
| Biblioteca Escolar das Vendas | Biblioteca Escolar das Vendas | BEV1172 | 3 MUN | Livro | Sem mensagem |
